000 00352 a2200145 4500
020 _a2-904 392-05-5
040 _aULA-LD-MS
082 _a72
_b72
100 _91174
_aSALAMA,Manuelle
245 _aParis New / Nouvelle Architecture
260 _aParis ,
_beditions Regirex-France
_c1985.
300 _a174p
650 _aArquitectura
942 _cLivros
999 _c2347
_d2347